Brave knoght to the rescue! (A). (Record no. 110235)
[ view plain ]
| 000 -LEADER | |
|---|---|
| fixed length control field | 00422nam a2200169 a 4500 |
| 001 - CONTROL NUMBER | |
| control field | 4140 |
| 005 - DATE AND TIME OF LATEST TRANSACTION | |
| control field | 20140414131852.0 |
| 008 - FIXED-LENGTH DATA ELEMENTS--GENERAL INFORMATION | |
| fixed length control field | 090218s19uu xx 00 eng d |
| 020 ## - INTERNATIONAL STANDARD BOOK NUMBER | |
| International Standard Book Number | 0744560551 |
| 050 ## - LIBRARY OF CONGRESS CALL NUMBER | |
| Classification number | M 793.73 |
| Item number | M28 1998 |
| 100 ## - MAIN ENTRY--PERSONAL NAME | |
| Personal name | Miadment, Stella |
| 245 ## - TITLE STATEMENT | |
| Title | Brave knoght to the rescue! (A). |
| 260 ## - PUBLICATION, DISTRIBUTION, ETC. (IMPRINT) | |
| Place of publication, distribution, etc | London : |
| Name of publisher, distributor, etc | Walker Books, |
| Date of publication, distribution, etc | 1998. |
| 300 ## - PHYSICAL DESCRIPTION | |
| Extent | 25 |
| 650 ## - SUBJECT ADDED ENTRY--TOPICAL TERM | |
| Topical term or geographic name as entry element | Picture- |
| General subdivision | numbers |
| Withdrawn status | Lost status | Damaged status | Home library | Current library | Shelving location | Date acquired | Total Checkouts | Full call number | Barcode | Date last seen | Price effective from | Koha item type |
|---|---|---|---|---|---|---|---|---|---|---|---|---|
| Munich Library | Munich Library | Main Section | 02/18/2009 | M 793.73 M28 1998 | M0571 | 04/14/2014 | 04/14/2014 | Books |